| 000 | 00552nam a2200193Ia 4500 | ||
|---|---|---|---|
| 008 | 191130s2009##################000#0#eng## | ||
| 020 | _a9788179921678 | ||
| 040 |
_aACL _cACL |
||
| 082 | _a510.24658 RAO | ||
| 100 | _aRao, Aditham.B | ||
| 245 |
_aQuantitative techniques _cAditham B.Rao |
||
| 260 |
_aBangalore _bJaico Publishing House _c2009 |
||
| 300 | _a527 p.: ill.(some col.), ports.; 27 cm | ||
| 650 | _aBusiness mathematics | ||
| 650 | _aMathematics | ||
| 990 | _ae73158e3ac10000c516ea6c8bc7841cb | ||
| 991 | _a246615 | ||
| 999 |
_c285247 _d285247 |
||